000 00908nam a2200313 a 4500
001 000114424
003 CHAP
005 20220329144440.0
008 180124s2004 sp |r| ||||||spa d
010 _a110885
011 _a111857
020 _a8466616446
040 _cCHAP
082 0 4 _a813.54
_bS83
100 1 _aStephenson, Neal
_9134476
245 1 0 _aCriptonomicón :
_bel código enigma /
_cpor Neal Stephenson.
260 _aBarcelona :
_bEdiciones B.,
_c2004.
300 _a541 p.
490 _aByblos. Ciencia ficción
_v1362/1
590 _aE11695DGD
_b10
_c20180126
_lUCH01
_h1129
590 _aE5765TAJ
_b05
_c20180124
_lUCH01
_h1205
590 _aE5765TAJ
_b05
_c20180125
_lUCH01
_h0912
650 1 4 _aLiteratura estadounidense.
_967126
650 1 4 _aNovela estadounidense.
_982019
830 0 _aByblos. Ciencia ficción
_v1362/1
_9134477
901 _aBK
942 _cLIBRO
942 _n0
999 _c110885
_d110885